000 00302nam a2200121 a 4500
008 141120s2005|||| d
245 1 0 _aVšeobecný encyklopedický slovník S-Ž
260 _bOttovo nakladetelstvo
_aPraha
_c2005
020 _c11,25
041 _aslo
044 _axo
_cSK
958 _aAZN
999 _c20525
_d20525